000
00267nam a2200109Ia 4500
008
190906s9999||||xx |||||||||||||| ||und||
100
_a
Tariq Hussain
245
0
_a
Science and Sustainability
260
_a
Karachi
_b
RB Publishers
_c
2016
300
_a
455
942
_c
BK
999
_c
5910
_d
5910